Villes d'Espagne - Mort subite - Statistiques

Statistiques générales
  • Ce quiz a été pris 295 fois
  • Le résultat moyen est 11 sur 15
Answers on the Grid
Answers color-coded by a green-red scale on the quiz's grid according to % correct below.
Barcelone
Bilbao
Figueras
Séville
Valence
Tolède
Saint-Jacques-de-Compostelle
Grenade
Cordoue
Pampelune
Cadix
Saragosse
Saint-Sébastien
Gérone
Murcie
Valmenera
Torrequijo
San Riago
Elzorrán
Montelvira
Castravieja
Almadén del Sur
Villa Fuente
Puerto Lirio
Sierra Luz
Pedralba
Los Cedrales
Sotoluna
Moradal
Tréjomar
 
Statistiques - réponses
Réponse % Correct
Barcelone
91%
Séville
90%
Valence
88%
Bilbao
87%
Grenade
85%
Cadix
81%
Saint-Sébastien
78%
Saragosse
75%
Gérone
73%
Cordoue
71%
Saint-Jacques-de-Compostelle
70%
Tolède
70%
Pampelune
66%
Murcie
62%
Figueras
39%
Aucun quiz correspondant
Distribution des résultats
% des personnes avec chaque résultat
Percentile par nombre de réponses
Votre historique - résultats
Vous n’avez pas pris ce quiz